Score 0/26 Timer 06:00
3 Plays Today
Literal Chinese English Name % Correct
fly machineairplane
94.2%
ice boxrefrigerator
91.7%
calculate count devicecalculator
91.5%
help hear devicehearing aid
86.9%
electric roast boxtoaster oven
84.8%
electric ladderelevator
84.4%
tiny wave ovenmicrowave oven
82.4%
destroy fire devicefire extinguisher
81.9%
electric braincomputer
78.1%
electric visiontelevision
71.5%
strike fire machinelighter
63.4%
electric speechtelephone
60.3%
strike character machinetypewriter
53.1%
Literal Chinese English Name % Correct
receive sound machineradio
50.8%
electric rice potrice cooker
44.7%
ear machineheadphones
43.5%
heart electric imageEKG
41%
strike hole devicehole punch
36.5%
blow wind machinehair dryer
31%
brain electric imageEEG
25.1%
count trayabacus
23.4%
strike impression machineprinter
21.3%
hand machinecell phone
19.9%
straight ascend machinehelicopter
16.5%
fill electric devicecharger
13%
self active cabinet worker machineATM
5.4%

You're not logged in!

Compare scores with friends on all Sporcle quizzes.
OR
Log In

Sporcle TV

Today on Sporcle TV


Watch our educational content, quiz creation guides, and fun videos on Sporcle TV.

Show Comments

Extras

Top Quizzes Today


Score Distribution

Paid Content

Your Account Isn't Verified!

In order to create a playlist on Sporcle, you need to verify the email address you used during registration. Go to your Sporcle Settings to finish the process.

Report this User

Report this user for behavior that violates our Community Guidelines.

Details: